| 000 | 00799nam a2200169 4500 | ||
|---|---|---|---|
| 999 |
_c3560 _d3560 |
||
| 001 | 4311 | ||
| 005 | 20190801183055.0 | ||
| 008 | 190801b ||||| |||| 00| 0 eng d | ||
| 090 | 0 | 0 | _a244.2 D391c 2012 |
| 245 | 0 | 0 |
_aཕྱག༌ཆེན༌སྔོན༌འགྲོའི༌ངག༌འདོན༌རྡོེའི༌གྲོང༌འདྲེན༌ཤིང༌རྟའི༌ལམ༌སྲོལ༌འབྱེད༌པའི༌འབྲུ༌འགྲེལ༌ངེས༌ཤེས༌སྒྲོན༌མེ༌ཞེས༌བྱ༌བ༌བཞུགས༌སོ། _cChabja Tenzin Dendup. |
| 250 | 0 | 0 | _a1st. |
| 260 | 0 | 0 |
_aThimphu : _bSungrab Pubications, _c2012. |
| 300 | 0 | 0 | _a161p. ; 25 cm. |
| 500 | 0 | 0 | _aIn Dzongkha. |
| 650 | 0 | 0 | _aBuddhism --Prayers and devotions. |
| 942 |
_2ddc _cDZONGKHA |
||